000 00899nam a2200253 i 4500
003 DO-SdBNP
005 20230620155024.0
006 a||||gr|||| 00| 0
007 ta
008 230620e2011 rd ao||| |||| 00| 0 spa d
020 _a9789993467656
040 _aDO-SdBNP
_bspa
_cBNPHU
_erda
082 1 _222
_bH557r
245 1 0 _aRemembranzas :
_bel movimiento constitucionalista que yo viví. /
_cJesús María Hernández Sánchez; prólogo, Luis Scheker Ortíz
264 1 _aSanto Domingo :
_bAmigo del Hogar,
_c2011
300 _a102 páginas :
_bIlustraciones, fotografías ;
_c22 cm
336 _2rdaconten
_atexto
_btxt
337 _2rdamedia
_asin medición
_bn
338 _2rdacarrier
_avolumen
_bnc
500 _aIncluye datos biográficos del autor en las solapas de las cubiertas
590 _aInventariado 2023 / MF
700 1 _aScheker Ortíz, Luis,
_eprólogo
_99515
942 _2ddc
_cLBS1
999 _c53871
_d53871